<?xml version="1.0" encoding="UTF-8"?>
<record
    xmlns:xsi="http://www.w3.org/2001/XMLSchema-instance"
    xsi:schemaLocation="http://www.loc.gov/MARC21/slim http://www.loc.gov/standards/marcxml/schema/MARC21slim.xsd"
    xmlns="http://www.loc.gov/MARC21/slim">

  <leader>01413nam a22003014aa4500</leader>
  <controlfield tag="003">BOFEUTO</controlfield>
  <controlfield tag="005">20260519153028.0</controlfield>
  <controlfield tag="008">260605t2026    bo     gr     000 f spa d</controlfield>
  <datafield tag="017" ind1=" " ind2=" ">
    <subfield code="a">4-193767-2026</subfield>
  </datafield>
  <datafield tag="020" ind1=" " ind2=" ">
    <subfield code="a">978-9917-663-28-7</subfield>
  </datafield>
  <datafield tag="040" ind1=" " ind2=" ">
    <subfield code="6">BOFEUTO</subfield>
    <subfield code="a">BOFEUTO</subfield>
    <subfield code="c">BOFEUTO</subfield>
  </datafield>
  <datafield tag="082" ind1=" " ind2=" ">
    <subfield code="a">519.5</subfield>
    <subfield code="b">H531c</subfield>
  </datafield>
  <datafield tag="100" ind1=" " ind2=" ">
    <subfield code="a">Herrera Leniz, Miguel</subfield>
    <subfield code="e">autor</subfield>
  </datafield>
  <datafield tag="245" ind1=" " ind2=" ">
    <subfield code="a">Contenidos b&#xE1;sicos de estad&#xED;stica descriptiva /</subfield>
    <subfield code="c">Miguel Herrera Leniz</subfield>
  </datafield>
  <datafield tag="246" ind1=" " ind2=" ">
    <subfield code="a">Basic contents of descriptive statistic</subfield>
  </datafield>
  <datafield tag="250" ind1=" " ind2=" ">
    <subfield code="a">6ta. ed.</subfield>
  </datafield>
  <datafield tag="260" ind1=" " ind2=" ">
    <subfield code="a">Oruro :</subfield>
    <subfield code="b">Latinas,</subfield>
    <subfield code="c">2026.</subfield>
  </datafield>
  <datafield tag="300" ind1=" " ind2=" ">
    <subfield code="a">252p. ;</subfield>
    <subfield code="b">ilus. ;</subfield>
    <subfield code="c">20.50 cm.</subfield>
  </datafield>
  <datafield tag="500" ind1=" " ind2=" ">
    <subfield code="a">Incluye bibliograf&#xED;a, ap&#xE9;ndice, f&#xF3;rmulas estad&#xED;sticas.</subfield>
  </datafield>
  <datafield tag="505" ind1=" " ind2=" ">
    <subfield code="a">CAP&#xCD;TULO 1. Nociones fundamentales de estad&#xED;stica CAP&#xCD;TULO 2. Distribuci&#xF3;n unidimensional de frecuencias CAP&#xCD;TULO 3. Medidas de tendencia central y de puntuaci&#xF3;n CAP&#xCD;TULO 4. Medidas de dispersi&#xF3;n CAP&#xCD;TULO 5. Medidas de asimetr&#xED;a y kurtosis CAP&#xCD;TULO 6. Distribuciones bidimensionales CAP&#xCD;TULO 7. Regresi&#xF3;n y correlaci&#xF3;n CAP&#xCD;TULO 8. An&#xE1;lisis de series de tiempo CAP&#xCD;TULO 9. N&#xFA;meros &#xED;ndices CAP&#xCD;TULO 10. Estad&#xED;stica de atributos CAP&#xCD;TULO 11. Muestreo estad&#xED;stico.</subfield>
  </datafield>
  <datafield tag="650" ind1=" " ind2=" ">
    <subfield code="a">Estad&#xED;stica descriptiva</subfield>
  </datafield>
  <datafield tag="653" ind1=" " ind2=" ">
    <subfield code="a">Metodolog&#xED;a de una investigaci&#xF3;n estad&#xED;stica</subfield>
  </datafield>
  <datafield tag="653" ind1=" " ind2=" ">
    <subfield code="a">Distribuciones</subfield>
  </datafield>
  <datafield tag="653" ind1=" " ind2=" ">
    <subfield code="a">Media aritm&#xE9;tica</subfield>
  </datafield>
  <datafield tag="653" ind1=" " ind2=" ">
    <subfield code="a">Varianza</subfield>
  </datafield>
  <datafield tag="653" ind1=" " ind2=" ">
    <subfield code="a">Muestreo</subfield>
  </datafield>
  <datafield tag="942" ind1=" " ind2=" ">
    <subfield code="2">ddc</subfield>
    <subfield code="c">LI</subfield>
    <subfield code="n">0</subfield>
  </datafield>
  <datafield tag="999" ind1=" " ind2=" ">
    <subfield code="c">16178</subfield>
    <subfield code="d">16178</subfield>
  </datafield>
  <datafield tag="952" ind1=" " ind2=" ">
    <subfield code="0">0</subfield>
    <subfield code="1">0</subfield>
    <subfield code="2">ddc</subfield>
    <subfield code="4">0</subfield>
    <subfield code="7">0</subfield>
    <subfield code="a">UTO</subfield>
    <subfield code="b">UTO</subfield>
    <subfield code="d">2026-05-06</subfield>
    <subfield code="e">Donaci&#xF3;n</subfield>
    <subfield code="i">15486</subfield>
    <subfield code="l">0</subfield>
    <subfield code="o">519.5/H531a/2026</subfield>
    <subfield code="p">15486</subfield>
    <subfield code="r">2026-05-19 11:28:28</subfield>
    <subfield code="t">Ej.1</subfield>
    <subfield code="w">2026-05-19</subfield>
    <subfield code="y">LI</subfield>
  </datafield>
  <datafield tag="952" ind1=" " ind2=" ">
    <subfield code="0">0</subfield>
    <subfield code="1">0</subfield>
    <subfield code="2">ddc</subfield>
    <subfield code="4">0</subfield>
    <subfield code="7">0</subfield>
    <subfield code="a">BCE</subfield>
    <subfield code="b">BCE</subfield>
    <subfield code="d">2026-05-06</subfield>
    <subfield code="e">Donaci&#xF3;n</subfield>
    <subfield code="i">15485</subfield>
    <subfield code="l">0</subfield>
    <subfield code="o">519.5/H531a/2026</subfield>
    <subfield code="p">15485</subfield>
    <subfield code="r">2026-05-19 11:29:53</subfield>
    <subfield code="t">Ej.1</subfield>
    <subfield code="w">2026-05-19</subfield>
    <subfield code="y">LI</subfield>
  </datafield>
  <datafield tag="952" ind1=" " ind2=" ">
    <subfield code="0">0</subfield>
    <subfield code="1">0</subfield>
    <subfield code="2">ddc</subfield>
    <subfield code="4">0</subfield>
    <subfield code="7">0</subfield>
    <subfield code="a">UTO</subfield>
    <subfield code="b">UTO</subfield>
    <subfield code="d">2026-05-06</subfield>
    <subfield code="e">Donaci&#xF3;n</subfield>
    <subfield code="i">15484</subfield>
    <subfield code="l">0</subfield>
    <subfield code="o">519.5/H531a/2026</subfield>
    <subfield code="p">15484</subfield>
    <subfield code="r">2026-05-19 11:30:34</subfield>
    <subfield code="t">Ej.1</subfield>
    <subfield code="w">2026-05-19</subfield>
    <subfield code="y">LI</subfield>
  </datafield>
  <datafield tag="952" ind1=" " ind2=" ">
    <subfield code="0">0</subfield>
    <subfield code="1">0</subfield>
    <subfield code="2">ddc</subfield>
    <subfield code="4">0</subfield>
    <subfield code="7">0</subfield>
    <subfield code="a">BCE</subfield>
    <subfield code="b">BCE</subfield>
    <subfield code="d">2026-05-06</subfield>
    <subfield code="e">Donaci&#xF3;n</subfield>
    <subfield code="i">2059</subfield>
    <subfield code="l">0</subfield>
    <subfield code="o">519.5/H531a/2026</subfield>
    <subfield code="p">BCAMP2059</subfield>
    <subfield code="r">2026-05-19 15:22:13</subfield>
    <subfield code="t">Ej.1</subfield>
    <subfield code="w">2026-05-19</subfield>
    <subfield code="y">LI</subfield>
  </datafield>
  <datafield tag="952" ind1=" " ind2=" ">
    <subfield code="0">0</subfield>
    <subfield code="1">0</subfield>
    <subfield code="2">ddc</subfield>
    <subfield code="4">0</subfield>
    <subfield code="7">0</subfield>
    <subfield code="a">BCE</subfield>
    <subfield code="b">BCE</subfield>
    <subfield code="d">2026-05-06</subfield>
    <subfield code="i">2060</subfield>
    <subfield code="l">0</subfield>
    <subfield code="o">519.5/H531a/2026</subfield>
    <subfield code="p">BCAMP2060</subfield>
    <subfield code="r">2026-05-19 15:23:18</subfield>
    <subfield code="t">Ej.1</subfield>
    <subfield code="w">2026-05-19</subfield>
    <subfield code="y">LI</subfield>
  </datafield>
</record>
